Tình hình sản xuất và phân bố cây lúa vùng Đồng Bằng Sông Cửu Long Luận văn tốt nghiệp Đại học Sư phạm ngành Địa Khóa 09

में बचाया:
ग्रंथसूची विवरण
मुख्य लेखक: Phạm Văn Chính
स्वरूप: पुस्तक
भाषा:Undetermined
प्रकाशित: Cần Thơ Trường Đại học Cần Thơ, Khoa Sư phạm, Bộ môn Địa lí 199
विषय:
टैग : टैग जोड़ें
कोई टैग नहीं, इस रिकॉर्ड को टैग करने वाले पहले व्यक्ति बनें!
Thư viện lưu trữ: Trung tâm Học liệu Trường Đại học Cần Thơ
LEADER 00766nam a2200193Ia 4500
001 CTU_33624
008 210402s9999 xx 000 0 und d
082 |a 333.73 
082 |b Ch312/1987 
100 |a Phạm Văn Chính 
245 0 |a Tình hình sản xuất và phân bố cây lúa vùng Đồng Bằng Sông Cửu Long 
245 0 |b Luận văn tốt nghiệp Đại học Sư phạm ngành Địa Khóa 09 
245 0 |c Phạm Văn Chính 
260 |a Cần Thơ 
260 |b Trường Đại học Cần Thơ, Khoa Sư phạm, Bộ môn Địa lí 
260 |c 199 
650 |a mekong river delta 
904 |i Nguyễn Quang Điền, 991104 
980 |a Trung tâm Học liệu Trường Đại học Cần Thơ